000 00310nam a2200121Ia 4500
008 190216s9999||||xx |||||||||||||| ||und||
100 _aDesai Ssm & Nirmal Bhalerao
245 0 _aEconomic History Of India
260 _bHimalaya Publishing House
_c1997
300 _a372p
650 _aEconomics
942 _cBK
999 _c9786
_d9786